000 00923nam a2200217Ii 4500
003 JO-AjNU
008 230605s9999||||xx |||||||||||||| ||und||
020 _a977-245-125-5
040 _aJO-AjNU
_bara
_erda
_cJO-AjNU
041 _aara
050 1 4 _aDT60.N34 2004
100 3 _aتاليف ناجي، أنغام عبد المنعم، م.مشارك ناجي، هدى عبد المنعم,
_eauthor
_913234
245 0 0 _aالمعالم الأثرية والسياحية في مصر= Egyptian touristic and archeolgical sites since ancient times until present era
250 _aط1
264 3 1 _aالقاهرة: دار نهضة الشرق، 2004
300 _a484ص باللغة العربية/131ص باللغة الانجليزية
_bصور توضيحية
336 _atext
_btxt
_2rdacontent
337 _aunmediated
_bn
_2rdamedia
338 _avolume
_bnc
_2rdacarrier
650 4 _aمصر- اثار -تاريخ
_913235
999 _aA3241
_c6809
_d6809